000 01347cam a2200397 4500
001 22793
003 SK-KTurca
005 20260424182424.0
008 190122s2019 xo a a 000 u slo
015 _aSNBA2019/06
020 _a9788055164830
_q(viazané)
040 _aTTKJF
_bslo
_cTTKJF
_dSNK
_erda
041 1 _aslo
_hpol
044 _axo
_cSK
072 7 _a821-93
_xLiteratúra pre deti a mládež (beletria)
_2konspekt
080 _a821-93
_22011
080 _a(0.025.2)
_22011
100 1 _aLiput, Przemysław,
_d1985-
_4aut
_4ill
240 1 0 _aRok w przedszkolu
_lSlovensky
245 1 0 _aRok v škôlke
_cPrzemysław Liput ; z poľského originálu Rok w przedszkolu ... preložil Alexander Horák
250 _aPrvé vydanie
264 1 _aBratislava
_bIkar, a. s. - Stonožka
_c2019
300 _a28 nečíslovaných strán
_bfarebné ilustrácie
_c31 cm
336 _atext
_btxt
_2rdacontent
336 _astatický obraz
_bsti
_2rdacontent
337 _abez média
_bn
_2rdamedia
338 _azväzok
_bnc
_2rdacarrier
500 _aKartónové listy
521 8 _aPre deti od 3 rokov
655 7 _aleporelá
_2SNKPH
655 7 _aPicture books for children
_2SNKPHeng
655 7 _apublikácie pre deti
_2SNKPH
655 7 _aPublications for children
_2SNKPHeng
700 1 _aHorák, Alexander
_4trl
942 _2ddc
_cKLDE
_n0
999 _c22793
_d22793